000 00542nam a2200181Ia 4500
008 090124s9999 xx 000 0 und d
082 _b46132
100 _aखांडेकर राजीव
245 _a हार्ट टू हार्ट
250 _a1
260 _c2007
300 _a179
600 _aखांडेकर राजीव
630 _a हार्ट टू हार्ट
700 _aखांडेकर राजीव
730 _a हार्ट टू हार्ट
942 _cBOOK
999 _c112441
_d112441